000 00642nam a22001817a 4500
005 2011122107087.0
020 _a8181463684
_c200.00
037 _bPUB
100 _aBhattacharjee, Tarit
_937314
245 _aDots...and lines:
_cby Tarit Bhattacharjee; compiled by Nomita Khatri
_ba reaching resource for art /
260 _aChennai
_bTulika Publishers
_c2008
270 _a13, Prithvi Avenue, Abhiramaouram
_bChennai
_e600 018
300 _a103p.
_bill.
_c28cm(pbk)
650 _aStories
_9938
700 _aKhatri, Nomita
_937315
942 _2ddc
_cCH
_mBHA
999 _c59778
_d59778